SV Waldhof Mannheim Erfolge - Statistiken

Allgemein
  • Dieses Quiz wurde 7 mal gespielt
  • Das Durchschnittsergebnis liegt bei 9 aus 11
Antwortstatistiken
Hint Antwort % Korrekt
Meister Regionalliga Südwest 2015/16
100%
Meister Regionalliga Südwest(Aufstieg in 3.Liga) 2018/19
100%
Zweitligameister(Austieg in 1.Bundesliga) 1982/83
86%
Aufstieg in Regionalliga 2010/11
86%
Landespokal-Baden-Sieger 2019/20
86%
Landespokal-Baden-Sieger 2020/21
86%
Landespokal-Baden-Sieger 2021/22
86%
Aufstieg in Regionalliga 2007/08
71%
Deutscher Pokalfinalist 1939
57%
Landespokal-Baden-Sieger 1997/98
57%
Landespokal-Baden-Sieger 1998/99
57%
Keine übereinstimmenden Quizze gefunden
Verteilung der Resultate
Anzahl Personen mit jedem Resultat
Perzentil nach korrekt beantworteten Fragen
Ihre Resultats-Entwicklung
Sie haben dieses Quiz noch nicht gespielt